Score 0/26 Timer 06:00
3 Plays Today
Can you name... % Correct
the actor who plays PhilBill Murray
91.8%
the time Phil wakes up?6:00
80.3%
the time Phil wakes up?6:00
80.3%
Phil's ProfessionWeatherman
68.8%
the instrument that Phil learns?Piano
66.5%
the song that plays when Phil wakes up?I Got You, Babe
61.8%
(portrayed by)Brian Doyle Murray
59.8%
the nerd who knows Phil from school?Ned Ryerson
57.2%
what Ned is selling?Insurance
53.7%
Name one of the ways Phil is killed'I'm a God, but I'm not THE God...I don't think'
51.7%
(portrayed by)Andie MacDowell
48.1%
'Well, it's Groundhog Day... ____.'again
47%
the town where Phil is stuck?Punxsutawney
45.5%
Can you name... % Correct
the fine art that Phil learns?Ice sculpture
38%
Phil's new producer?Rita
37.8%
'I always drink to ____.'world peace
30.9%
what Rita studied in college?19th-century French poetry
30.1%
(portrayed by)Chris Elliott
26.1%
one of Ned's nicknames?'Ned the Head' or 'Needlenose Ned'
24%
the girl Phil claims he went to school with?Nancy Taylor
20.6%
Phil's cameraman?Larry
16.8%
the exclamation Ned frequently uses?Bing!
16.7%
the park where the groundhog day festivities are?Gobbler's Knob
14.8%
'Don't forget your ____'booties
14.6%
(portrayed by)Stephen Tobolowsky
13.3%
the top groundhog official?Buster Green
9.8%
Remove Ads.
Support Sporcle.
Get the best of Sporcle when you Go Orange. This ad-free experience offers more features, more stats, and more fun while also helping to support Sporcle. Thank you for becoming a member.

You're not logged in!

Compare scores with friends on all Sporcle quizzes.
OR
Log In

Show Comments

Extras

Top Quizzes Today


Score Distribution

Your Account Isn't Verified!

In order to create a playlist on Sporcle, you need to verify the email address you used during registration. Go to your Sporcle Settings to finish the process.

Report this User

Report this user for behavior that violates our Community Guidelines.

Details: